| 000 | 00878nam a22002897a 4500 | ||
|---|---|---|---|
| 001 | |||
| 003 | DO-SdBNP | ||
| 005 | 20211118125711.0 | ||
| 007 | |||
| 008 | 160809b 2005 mx ||| 00| 0 spa d | ||
| 020 | _a9789703704323 | ||
| 040 |
_aBPMSU _bspa _cBPMSU |
||
| 082 |
_a891.623 _bL673c 2005 _222 |
||
| 100 | 1 |
_aLewis, Clive Staples, _d1898-1963. |
|
| 245 | 1 | 4 |
_aLas crónicas de Narnia : _bLa última batalla / _cC. S. Lewis ; traducción de Gemma Gallart ; ilustraciones de Pauline Baynes. |
| 246 | 1 | 2 | _aLa última batalla |
| 260 |
_aMéxico : _bDestino, _c2005. _g |
||
| 300 |
_av. ; _c22 cm. _b |
||
| 490 | 0 |
_a Las crónicas de Narnia _v7 |
|
| 590 | _6Inventariado, 2021/VM | ||
| 650 | 4 | _aNovela juvenil irlandesa. | |
| 700 | 1 |
_aGallart, Gemma, _etr. |
|
| 700 | 1 |
_aBaynes, Pauline, _eil. |
|
| 740 | _ala última batalla | ||
| 910 | _aVMateo V. | ||
| 942 |
_2ddc _cBK |
||
| 999 |
_c11132 _d11132 |
||